| 000 | 00000nam##2200000za#4500 |
| 001 | 9.642124 |
| 003 | CaOODSP |
| 005 | 20210624223542 |
| 007 | cr ||||||||||| |
| 008 | 150407|1998||||xxc|||||o f|0| 0 fre|d |
| 040 | |aCaOODSP|bfre |
| 043 | |an-cn--- |
| 086 | 1 |aRH64-69/1998F-PDF |
| 110 | 1 |aCanada.|bDéveloppement des ressources humaines Canada. |
| 245 | 10|aLes conséquences sur l'emploi à long terme / |h[ressource électronique]|cRédigé par: Paul Storer, Marc Van Audenrode. |
| 260 | |aOttawa - Ontario : |bDéveloppement des ressources humaines Canada |cMai 1998. |
| 300 | |a54p.|bfigures, tableaux |
| 504 | |aBibliographie. |
| 590 | |a13-16-Supp|b2013-07-12 |
| 775 | 08|tLong-term employment outcomes : |w(CaOODSP)9.698130 |
| 856 | 40|ahttp://publications.gc.ca|qPDF|s133 Ko|uhttps://publications.gc.ca/collections/collection_2013/rhdcc-hrsdc/RH64-69-1998-fra.pdf |
| 986 | |aSP-AH0048F-05-98 |